=LDR 00000nam 2200000 4500 =001 INLIS000000000052144 =005 20180124070150 =035 ##$$a 0010-0118000332 =007 ta =008 180124###########################0###### =020 ##$$a 978-979-007-559-7 =082 ##$$a 352.209.598 =084 ##$$a 352.209.598 PAT l =100 #$$a Patrialis Akbar =245 1#$$a Lembaga-Lembaga Negara Menurut UUD NRI Tahun 1945 /$c Patrialis Akbar =260 ##$$a Jakarta :$b Sinar Grafika,$c 2013 =300 ##$$a xiii, 247 hlm. : $b ilus. ; $c 22 cm =500 ##$$a Biografi : hlm. 245-247 =650 ##$$a Lembaga Negara-Indonesia =504 ##$$a Bibliografi : hlm. 241-244 =990 ##$$a 3618836188 =990 ##$$a 3618836188 =990 ##$$a 3618836188 =990 ##$$a 3618836188 =990 ##$$a 3618836188 =990 ##$$a 21706941 =990 ##$$a 01201801741 =990 ##$$a 01201801742 =990 ##$$a 01201801743 =990 ##$$a 01201801744 =990 ##$$a 21706942 =990 ##$$a 01201801741 =990 ##$$a 01201801742 =990 ##$$a 01201801743 =990 ##$$a 21706941 =990 ##$$a 21706943 =990 ##$$a 01201801741 =990 ##$$a 01201801742 =990 ##$$a 21706942 =990 ##$$a 21706941 =990 ##$$a 21706944 =990 ##$$a 01201801741 =990 ##$$a 21706943 =990 ##$$a 21706942 =990 ##$$a 21706941 =990 ##$$a 21706945 =990 ##$$a 21706944 =990 ##$$a 21706943 =990 ##$$a 21706942 =990 ##$$a 21706941